Teoría y técnica impositiva II / (Record no. 7618)

MARC details
000 -LEADER
fixed length control field 00886aam a2200277 a 4500
003 - CONTROL NUMBER IDENTIFIER
control field AR-FvUNAJ
005 - DATE AND TIME OF LATEST TRANSACTION
control field 20220701123200.0
008 - FIXED-LENGTH DATA ELEMENTS--GENERAL INFORMATION
fixed length control field 130115s2012 ag dj gr 001 0dspa
015 ## - NATIONAL BIBLIOGRAPHY NUMBER
National bibliography number AR-2012
020 ## - INTERNATIONAL STANDARD BOOK NUMBER
International Standard Book Number 978-987-03-1955-9
082 14 - DEWEY DECIMAL CLASSIFICATION NUMBER
Edition number 14
Classification number 336.2
100 1# - MAIN ENTRY--PERSONAL NAME
Personal name Ziccardi, Horacio
9 (RLIN) 14384
245 10 - TITLE STATEMENT
Title Teoría y técnica impositiva II /
Statement of responsibility, etc Horacio Ziccardi
250 ## - EDITION STATEMENT
Edition statement 8a ed.
260 ## - PUBLICATION, DISTRIBUTION, ETC. (IMPRINT)
Place of publication, distribution, etc Buenos Aires :
Name of publisher, distributor, etc La Ley,
Date of publication, distribution, etc 2011
300 ## - PHYSICAL DESCRIPTION
Extent 385 p.
650 #0 - SUBJECT ADDED ENTRY--TOPICAL TERM
Topical term or geographic name as entry element DERECHO TRIBUTARIO
9 (RLIN) 6692
Source of heading or term saij
650 #0 - SUBJECT ADDED ENTRY--TOPICAL TERM
Topical term or geographic name as entry element IMPUESTOS
9 (RLIN) 9682
Source of heading or term saij
930 #1 - EQUIVALENCE OR CROSS-REFERENCE-UNIFORM TITLE HEADING [LOCAL, CANADA]
Language of a work BNA01
Medium of performance for music LIBRO
Linkage 00931491
Field link and sequence number 20130115
Date of a work 11
Miscellaneous information 2462
942 ## - ADDED ENTRY ELEMENTS (KOHA)
Source of classification or shelving scheme Dewey Decimal Classification
Item type Libro, folleto, traducción
956 ## - LOCAL ELECTRONIC LOCATION AND ACCESS (OCLC)
Host name LPUCHETA
Access number 00
Compression information 20130115
Logon BNA01
Processor of request 1336
956 ## - LOCAL ELECTRONIC LOCATION AND ACCESS (OCLC)
Host name LPUCHETA
Access number 00
Compression information 20130115
Logon BNA01
Processor of request 1336
956 ## - LOCAL ELECTRONIC LOCATION AND ACCESS (OCLC)
Host name VFRIAS
Access number 20
Compression information 20131212
Logon BNA01
Processor of request 1346
956 ## - LOCAL ELECTRONIC LOCATION AND ACCESS (OCLC)
Host name VFRIAS
Access number 20
Compression information 20131212
Logon BNA01
Processor of request 1353
980 ## - EQUIVALENCE OR CROSS-REFERENCE-SERIES STATEMENT--PERSONAL NAME/TITLE [LOCAL, CANADA]
Linkage 19226
Personal name Palazón Marcela
Field link and sequence number 2
Miscellaneous information Virginia Figueroa
Holdings
Withdrawn status Lost status Source of classification or shelving scheme Damaged status Not for loan Home library Current library Date acquired Full call number Barcode Date last seen Price effective from Koha item type
    Dewey Decimal Classification     Biblioteca Central Biblioteca Central 31/05/2022 336.2 ZIC UNAJ22050058 17/03/2025 31/05/2022 Libro, folleto, traducción

Lunes a Viernes 8:30 a 19:00 hs. Cerrado por mudanza
Av.Calchaqui 6200 Florencio Varela (CP188) 2°piso Edificio Mosconi Aula 209-210
Mail: bibliotecacentralunaj@gmail.com  
Whatsapp(54 9)1122668024    ❔Pregunte a la bibliotecaria
© Universidad Nacional Arturo Jauretche | Secretaría Académica | Biblioteca Central UNAJ